| 000 | 02159nam a22004697a 4500 | ||
|---|---|---|---|
| 003 | CHAP | ||
| 005 | 20220329140842.0 | ||
| 008 | 971013s1962 r 00010 d | ||
| 010 | _a58652 | ||
| 011 | _a59624 | ||
| 035 | _a63784 | ||
| 040 | _cCHAP | ||
| 082 |
_a634.94 _bT3 |
||
| 100 | 0 | 0 |
_aTall Timbers Research Station. Tallahassee, Fla. _9111417 |
| 245 | _aTall timbers fire ecology conference ; proceedings | ||
| 260 |
_a(s.l.) : _bThe Station, _c1962- |
||
| 300 |
_av. _b: ilus. |
||
| 500 | _aLa biblioteca tiene : v.2-12, 1963-1973 ; v.13, 1974 ; v.14, 1974, ; v.15, 1974 | ||
| 590 |
_aBATCH-UPD _b10 _c20130110 _lUCH01 _h0817 |
||
| 590 |
_aBATCH-UPD _b10 _c20130410 _lUCH01 _h0454 |
||
| 590 |
_aBATCH-UPD _b10 _c20130914 _lUCH01 _h0716 |
||
| 590 |
_aCONVERSION _b10 _c20130109 _lUCH01 _h1331 |
||
| 650 | 1 | 4 |
_aBosques _xIncendios. _914211 |
| 650 | 1 | 4 |
_aEcologĂa forestal. _935176 |
| 901 | _aBK | ||
| 942 | _cLIBRO | ||
| 949 |
_a634.94 T3 _bBC _cLIBRO _d33724000234787 _eLIBRO _fv.2 _h30651 _i63784 _si |
||
| 949 |
_a634.94 T3 _bBC _cLIBRO _d33724000234795 _eLIBRO _fv.3 _h30652 _i63784 _si |
||
| 949 |
_a634.94 T3 _bBC _cLIBRO _d33724000234803 _eLIBRO _fv.4 _h30653 _i63784 _si |
||
| 949 |
_a634.94 T3 _bBC _cLIBRO _d33724000234811 _eLIBRO _fv.5 _h30654 _i63784 _si |
||
| 949 |
_a634.94 T3 _bBC _cLIBRO _d33724000234829 _eLIBRO _fv.6 _h30655 _i63784 _si |
||
| 949 |
_a634.94 T3 _bBC _cLIBRO _d33724000234837 _eLIBRO _fv.7 _h30656 _i63784 _si |
||
| 949 |
_a634.94 T3 _bBC _cLIBRO _d33724000234845 _eLIBRO _fv.8 _h30657 _i63784 _si |
||
| 949 |
_a634.94 T3 _bBC _cLIBRO _d33724000234852 _eLIBRO _fv.9 _h30658 _i63784 _si |
||
| 949 |
_a634.94 T3 _bBC _cLIBRO _d33724000234860 _eLIBRO _fv.10 _h30659 _i63784 _si |
||
| 949 |
_a634.94 T3 _bBC _cLIBRO _d33724000234878 _eLIBRO _fv.11 _h30660 _i63784 _si |
||
| 949 |
_a634.94 T3 _bBC _cLIBRO _d33724000234886 _eLIBRO _fv.13 _h31709 _i63784 _si |
||
| 949 |
_a634.94 T3 _bBC _cLIBRO _d33724000234894 _eLIBRO _fv.14 _h40295 _i63784 _si |
||
| 949 |
_a634.94 T3 _bBC _cLIBRO _d33724000234902 _eLIBRO _fv.15 _h41660 _i63784 _si |
||
| 949 |
_a634.94 T3 _bBC _cLIBRO _d33724000234910 _eLIBRO _fv.15 c.2 _h49750 _i63784 _si |
||
| 949 |
_a634.94 T3 _bBC _cLIBRO _d33724000607180 _eLIBRO _fv.12 _h30661 _i63784 _si |
||
| 999 |
_c58652 _d58652 |
||